000 00667cam a2200205 4500500
005 20260329010028.0
041 _afre
042 _adc
100 1 0 _aOrtoli, Sven
_eauthor
245 0 0 _a"La Ferme des animaux" : l’utopie tombée dans la boue
260 _c2021.
500 _a98
690 _aAnimaux
690 _aAntitotalitarisme
690 _aGeorge Orwell
690 _aRébellion
690 _aUtopie
786 0 _nPhilosophie magazine - Hors séries | Hors-série Hiver-Pritemps 2021 | HS48 | 2021-01-01 | p. 9-9 | 2104-9246
856 4 1 _uhttps://shs.cairn.info/magazine-philosophie-magazine-2021-hs48-page-9?lang=fr&redirect-ssocas=7080
999 _c1848858
_d1848860